Commercial management (Record no. 106148)
[ view plain ]
| 000 -LEADER | |
|---|---|
| fixed length control field | 00353cam a2200145 4500 |
| 001 - CONTROL NUMBER | |
| control field | L135681 |
| 008 - FIXED-LENGTH DATA ELEMENTS--GENERAL INFORMATION | |
| fixed length control field | 061124n2007 000 0 eng u |
| 020 ## - INTERNATIONAL STANDARD BOOK NUMBER | |
| International Standard Book Number | 1405124687 |
| -- | 9781405124683 |
| 035 ## - SYSTEM CONTROL NUMBER | |
| System control number | (Sirsi) u135681 |
| 100 ## - MAIN ENTRY--PERSONAL NAME | |
| Personal name | Lowe, David |
| 245 ## - TITLE STATEMENT | |
| Title | Commercial management |
| 260 ## - PUBLICATION, DISTRIBUTION, ETC. | |
| Place of publication, distribution, etc. | Blackwell publishing |
| Date of publication, distribution, etc. | 2007 |
| 350 ## - PRICE (NR) (BK AM CF MU VM SE) [OBSOLETE] | |
| Price | 32.99 |
| 942 ## - ADDED ENTRY ELEMENTS (KOHA) | |
| Suppress in OPAC | 0 |
No items available.